| 000 | 00000nam##2200000za#4500 |
| 001 | 9.695769 |
| 003 | CaOODSP |
| 005 | 20210624234727 |
| 007 | cr ||||||||||| |
| 008 | 150407|2000||||xxc|||||o f|0| 0 eng|d |
| 040 | |aCaOODSP|beng |
| 043 | |an-cn--- |
| 086 | 1 |aCH44-6/2000E-PDF |
| 110 | 1 |aCanada.|bCanadian Heritage. |bCultural Industries Branch. |
| 245 | 14|aThe competitive challenges facing book publishers in Canada / |h[electronic resource]|cprepared by Arthur Donner Consultants Inc., Lazar and Associates. |
| 260 | |aOttawa - Ontario : |bCanadian Heritage. |cMay 2000. |
| 300 | |a83p.|breferences, tables |
| 500 | |aThe catalogue number (CH44-6/2000E) and ISBN (0-662-28988-9) for the print edition have been incorrectly copied in this electronic publication. |
| 590 | |a12-14-Supp|b2012-04-10 |
| 690 | 07|aElectronic publishing|2gcpds |
| 690 | 07|aPublishing|2gcpds |
| 775 | 08|tLes défis concurrentiels des éditeurs de livres au Canada / |w(CaOODSP)9.639891 |
| 856 | 40|ahttp://publications.gc.ca|qPDF|s265 KB|uhttps://publications.gc.ca/collections/Collection/CH44-6-2000E.pdf |